00538nam a2200157 a 450000100100000000500170001000800410002708200160006810000300008424501160011426000510023050000310028165000290031270000260034104000130036700003514120200930074130.0111025s1944 000 spa d aR103bR815n1 aRosental, Mark Moiseevich10aNuevo diccionario filosofico de la URSS. /cM. M. Rosental y P. F Iudin ; traducción del ruso Rafael Bolotin. aMontevideo :bEdiciones Pueblos Unidos,c1944. aTítulo original en ruso. 4aFilosofíavDICCIONARIO aBolotin, Rafael,etr. aDO-SdBNP